Регионална библиотека "Любен Каравелов" - Русе

Мэри Поппинс открывает дверь (Запис номер 42720)

MARC детайли
000 -Лидер
Контролно поле с фиксирана дължина 01109nam a2200301 c 4500
003 - Код на организацията, давaща контролен номер
Контролно поле BLK
005 - Дата и час на последна редакция
Контролно поле 20180420221410.0
008 - Елементи от данни с фиксирана дължина
fixed length control field 180408b bul|||||r ||||||| ||bul||
010 ## - Наследен системен номер
LC control number KNG00046388000
020 ## - Международен стандартен номер на книга ISBN
Международен стандартен номер на книга ISBN 5-237-01135-7
-- издат.: АСТ
040 ## - Източник на каталожния запис
Идентификатор на билиотеката - собственик на записа BLK
041 ## - Код за език
Код за езика на текст/звукозапис или на отделно заглавие Руски
Код за езика КДБФ Руски
080 ## - УДК
Текстов определител УДК Английска литература
УДК код - определител по УДК 821.111
УДК определител -93-32
УДК - код + определител 821.111-93-32
100 1# - Редна дума - Автор
Автор Трэверс, Памела
Авторска отговорност първи автор
R(LIN) 131659
139 ## - Редно поле
Редна дума Трэверс, Памела
Авторски знак Тре - Т 81
245 10 - Сведения за заглавието
Заглавие Мэри Поппинс открывает дверь
Подзаглавни данни Сказочная повесть
Редно поле (дума) Памела Трэверс; пер. Борис Владимирович Заходер.
257 ## - Страна на издаване
Страна на създаване/издаване Великобритания
260 ## - Област на издателските данни
-- Москва
Име на издателя, разпространителя и проч. АСТ
Година на издаване 2000
300 ## - Физическа характеристика
Страници 384 с
Илюстрации и др. ил.
Размери/Мащаб 22 см
380 ## - Жанр
Жанр Детска худож. лит.
490 1# - СЕРИИ (Колекции)
Име на серия Золотая библиотека
700 1# - Други автори (авторска отговорност)
Лично име Заходер, Борис Владимирович
Автороска отговорност (Описва отношението между автора и произведението) пер.
9 (RLIN) 69415
852 ## - Местоположение
Форматна сигнатура Цб 206328
856 4# - Електронен адрес и достъп
Електронен формат pdf - файл
Път до файла /url/
856 4# - Електронен адрес и достъп
Електронен формат pdf - файл
Път до файла /url/
942 ## - АРТИКУЛИ
Вид на библиотечния материал Книги
Скрит в OPAC Не
944 ## - СЪЗДАВАНЕ И РЕДАКЦИЯ на ЗАПИСА
Създаване/Редакция Създаване
Дата на регистрацията/редакция 01.01.2000
Служител, извършил регистрацията/редакцията AB_DOS
944 ## - СЪЗДАВАНЕ И РЕДАКЦИЯ на ЗАПИСА
Създаване/Редакция Редакция
Дата на регистрацията/редакция 27.02.2018
Служител, извършил регистрацията/редакцията Геновева_Генчева
999 ## - СИСТЕМНИ КОНТРОЛНИ НОМЕРА
Koha biblionumber 42720
Koha biblioitemnumber 42720
Наличности
Код за отписване Код за изгубен артикул Източник на класификационната схема Код за повреда Коз за рестрикции Код за отдаване Артикулен № Име на библиотеката - собственик Име на библиотеката, в която се намира в момента Статус (Текущо местоположение) Дата на вписване в системата Местоположение - отдел Цена в лева Инвентарен номер Систематично азбучна сигнатура Баркод Номер на екземпляра Цена в евро Служебен тип на артикула
  Не е изгубен Universal Decimal Classification Не е повреден без рестрикции заемане за дома 67149 Регионална библиотека "Любен Каравелов" Русе Регионална библиотека "Любен Каравелов" Русе Детски отдел 2001-01-01 Детски отдел 2.00 660400 ДН 820/899/Т 79 120000660400 1 1.02 Книги
Vip Innovations Ltd, Rousse, Bulgaria 2025